Riconosci il Pokémon - Quiz n°940 - Statistics

Statistiche generali
  • Questo quiz è stato fatto 3 volte
  • Il punteggio medio è 8 su 10
Statistiche sulle risposte
Indizio Risposta % Corretto
Tipo Buio / Fuoco
100%
Stadio evoluzione Prima evoluzione
100%
Generazione Seconda
100%
Abilità Sveglialampo; Fuocardore; Agitazione; Solarpotere (Megaevoluzione)
100%
Altezza 1,4 m; 1,9 m (Megaevoluzione)
67%
Peso 35,0 kg; 49,5 kg (Megaevoluzione)
67%
Tasso di cattura 45 (11.9%)
67%
Sesso 50% ♂, 50% ♀
67%
Pokémon Houndoom
67%
Tasso di allevamento Lento
67%
Nessun quiz corrispondente trovato
Distribuzione punteggi
Percentuale di utenti per punteggio
Percentile per numero di risposta
I tuoi punteggi nel tempo
Non hai fatto questo quiz